[Event "GER-ch U10"]
[Site "Willingen"]
[Date "2023.06.02"]
[Round "10"]
[White "Gendzelevsky, Stefan"]
[Black "Teng, David"]
[Result "0-1"]
[WhiteElo "1442"]
[BlackElo "1554"]
[PlyCount "90"]
[EventDate "2023.05.27"]
[EventType "swiss"]
[EventRounds "11"]
[EventCountry "GER"]
[SourceTitle "CBM 214 Extra"]
[Source "ChessBase"]
[SourceDate "2023.07.31"]
[SourceVersion "1"]
[SourceVersionDate "2023.07.31"]
[SourceQuality "1"]

1. e4 c5 2. Nc3 e6 3. f4 d5 4. Bb5+ Bd7 5. a4 d4 6. Nce2 Bxb5 7. axb5 Qb6 8. d3 Qxb5 9. Nf3 Nc6 10. 0-0 Nf6 11. Ne5 Qb6 12. Nxc6 Qxc6 13. Ng3 Be7 14. Qf3 0-0 15. f5 a6 16. Bg5 e5 17. Nh5 Nxh5 18. Qxh5 Bxg5 19. Qxg5 h6 20. Qg4 Qf6 21. Rf3 Rac8 22. b3 Rc6 23. Raf1 b5 24. Rh3 c4 25. bxc4 bxc4 26. Rff3 cxd3 27. cxd3 Rb8 28. Rf2 Rc1+ 29. Rf1 Rxf1+ 30. Kxf1 Qc6 31. Qd1 Rb2 32. Rf3 Qb5 33. h3 Rb1 34. Ke2 Rxd1 35. Kxd1 Qb1+ 36. Ke2 a5 37. Kf2 a4 38. Kg3 a3 39. Rf2 Qe1 40. Kf3 Qe3+ 41. Kg4 Qxf2 42. g3 a2 43. h4 a1Q 44. h5 Qd1+ 45. Kh3 Qxh5# 0-1

[Event "GER-ch U10"]
[Site "Willingen"]
[Date "2023.05.31"]
[Round "6"]
[White "Sheng, Ming"]
[Black "Teng, David"]
[Result "1-0"]
[WhiteElo "1675"]
[BlackElo "1554"]
[PlyCount "113"]
[EventDate "2023.05.27"]
[EventType "swiss"]
[EventRounds "11"]
[EventCountry "GER"]
[SourceTitle "CBM 214 Extra"]
[Source "ChessBase"]
[SourceDate "2023.07.31"]
[SourceVersion "1"]
[SourceVersionDate "2023.07.31"]
[SourceQuality "1"]

1. e4 c5 2. Nf3 e6 3. c3 Nf6 4. e5 Nd5 5. d4 cxd4 6. cxd4 d6 7. Bc4 Nb6 8. Bd3 Nc6 9. 0-0 Be7 10. a3 Qc7 11. Re1 Bd7 12. Nc3 a6 13. Bf4 dxe5 14. dxe5 h6 15. Ne4 Nd5 16. Bg3 h5 17. Nd6+ Kf8 18. h4 Na7 19. Rc1 Qb6 20. b4 Nc8 21. Nc4 Qd8 22. Be4 Bc6 23. Nd4 Qd7 24. Nxc6 bxc6 25. Na5 Na7 26. Nc4 Nc8 27. Qa4 Bd8 28. Red1 Qb7 29. Na5 Bxa5 30. Qxa5 Nce7 31. Rc5 g6 32. Rdc1 Kg7 33. f3 Rhc8 34. Bf2 Kg8 35. Qa4 Nb6 36. Qc2 Nbd5 37. Qc4 Nb6 38. Qb3 Nbd5 39. Qd1 Rd8 40. Qa4 Rdc8 41. R5c2 Kg7 42. Bc5 Nf5 43. Bxf5 exf5 44. Bd4 Ne7 45. e6+ f6 46. Bc5 Nd5 47. Bd6 Nb6 48. Qa5 Nd5 49. Qc5 Ra7 50. Qxd5 cxd5 51. Rxc8 Qb5 52. e7 Rxe7 53. Bxe7 g5 54. R1c6 Kf7 55. Bxf6 gxh4 56. R8c7+ Kf8 57. Rd6 1-0

[Event "GER-ch U10"]
[Site "Willingen"]
[Date "2023.05.29"]
[Round "4"]
[White "Fels, Mattis"]
[Black "Teng, David"]
[Result "0-1"]
[WhiteElo "1682"]
[BlackElo "1554"]
[PlyCount "40"]
[EventDate "2023.05.27"]
[EventType "swiss"]
[EventRounds "11"]
[EventCountry "GER"]
[SourceTitle "CBM 214 Extra"]
[Source "ChessBase"]
[SourceDate "2023.07.31"]
[SourceVersion "1"]
[SourceVersionDate "2023.07.31"]
[SourceQuality "1"]

1. d4 d5 2. Nc3 Nf6 3. Bf4 Bf5 4. f3 e6 5. g4 Bg6 6. h4 h6 7. e3 a6 8. Bd3 Bxd3 9. Qxd3 c5 10. dxc5 Bxc5 11. Nge2 Nc6 12. a3 Qa5 13. Kf2 Ba7 14. g5 Nh5 15. g6 f5 16. Kg2 Ne7 17. e4 Nxg6 18. Bh2 0-0 19. exd5 exd5 20. Nd4 Ngf4+ 0-1

[Event "GER-ch U10"]
[Site "Willingen"]
[Date "2023.05.28"]
[Round "2"]
[White "Teng, David"]
[Black "Li, Yunqi"]
[Result "1-0"]
[WhiteElo "1554"]
[BlackElo "1609"]
[PlyCount "77"]
[EventDate "2023.05.27"]
[EventType "swiss"]
[EventRounds "11"]
[EventCountry "GER"]
[SourceTitle "CBM 214 Extra"]
[Source "ChessBase"]
[SourceDate "2023.07.31"]
[SourceVersion "1"]
[SourceVersionDate "2023.07.31"]
[SourceQuality "1"]

1. e4 e6 2. d4 d5 3. Nc3 Nf6 4. e5 Nfd7 5. f4 c5 6. Be3 cxd4 7. Bxd4 Nc6 8. Nf3 a6 9. Be2 b5 10. a3 Bb7 11. Bf2 Rc8 12. 0-0 Be7 13. Qd2 0-0 14. Rad1 Qc7 15. Bd3 Rfd8 16. Ne2 Nb6 17. c3 Nc4 18. Qc2 h6 19. Nfd4 Nxd4 20. Nxd4 Bc5 21. Rfe1 Re8 22. Bh7+ Kh8 23. Bd3 Rcd8 24. Re2 Na5 25. b4 Bxd4 26. Bxd4 Nc4 27. Ra1 Bc6 28. Ree1 Ra8 29. Qf2 Qd8 30. f5 Qg5 31. h4 Qe7 32. Bc5 Qc7 33. Bd4 Qe7 34. Bc5 Qc7 35. Bd4 Qe7 36. f6 gxf6 37. exf6 Qf8 38. Qf4 a5 39. Bc5 1-0

[Event "GER-ch U10"]
[Site "Willingen"]
[Date "2022.06.08"]
[Round "6"]
[White "Hepp, Daniel"]
[Black "Teng, David"]
[Result "1-0"]
[WhiteElo "1468"]
[BlackElo "1423"]
[PlyCount "67"]
[EventDate "2022.06.04"]
[EventType "swiss"]
[EventRounds "11"]
[EventCountry "GER"]
[SourceTitle "CBM 208 Extra"]
[Source "ChessBase"]
[SourceDate "2022.07.31"]
[SourceVersion "1"]
[SourceVersionDate "2022.07.31"]
[SourceQuality "1"]

1. d4 d5 2. c4 e6 3. Nc3 Nf6 4. Bg5 Be7 5. Nf3 0-0 6. e3 h6 7. Bh4 b6 8. Bd3 dxc4 9. Bxc4 Bb7 10. 0-0 Nbd7 11. Qe2 c5 12. Rfd1 cxd4 13. Rxd4 Qc7 14. Bg3 e5 15. Rc1 Qc5 16. Rdd1 Rac8 17. Bb3 Qa5 18. Bc4 e4 19. Nd4 Nc5 20. Nf5 Rfe8 21. Bd6 Bd8 22. Bxc5 Qxc5 23. Nd6 Bc7 24. Bxf7+ Kf8 25. Nxe8 Nxe8 26. Bxe8 Rxe8 27. Nd5 Bxh2+ 28. Kxh2 Qd6+ 29. Nf4 Qf6 30. g3 g5 31. Ng2 Qf5 32. Qh5 Qe6 33. Rc7 Bc8 34. Rh7 1-0

[Event "GER-ch U10"]
[Site "Willingen"]
[Date "2022.06.06"]
[Round "4"]
[White "Sheng, Ming"]
[Black "Teng, David"]
[Result "0-1"]
[WhiteElo "1330"]
[BlackElo "1423"]
[PlyCount "126"]
[EventDate "2022.06.04"]
[EventType "swiss"]
[EventRounds "11"]
[EventCountry "GER"]
[SourceTitle "CBM 208 Extra"]
[Source "ChessBase"]
[SourceDate "2022.07.31"]
[SourceVersion "1"]
[SourceVersionDate "2022.07.31"]
[SourceQuality "1"]

1. e4 c5 2. Nf3 e6 3. d4 cxd4 4. Nxd4 a6 5. g3 Nf6 6. Bg2 Be7 7. 0-0 0-0 8. Nc3 Qc7 9. Re1 d6 10. Be3 Nc6 11. Nxc6 bxc6 12. Bf4 e5 13. Bg5 h6 14. Bxf6 Bxf6 15. Qd3 Bb7 16. Rad1 Rfd8 17. h4 Qb6 18. b3 a5 19. Qe3 Qb4 20. a4 Ba6 21. Ne2 Qb7 22. Nc3 Rd7 23. Rd2 Bd8 24. Red1 Bb6 25. Qf3 Bc5 26. Bh3 Re7 27. Na2 Qb6 28. Nc1 Rf8 29. Nd3 Bd4 30. Nc1 d5 31. exd5 e4 32. Qf4 Be5 33. Qxe4 Bd6 34. Qf3 cxd5 35. Bf1 Bb7 36. Kh2 Re4 37. Kg1 d4 38. Qd3 Be7 39. Bg2 Rg4 40. Qf5 Bc8 41. Qf3 f5 42. Bh3 Bb7 43. Qd3 Ba6 44. Qf3 Rg6 45. Qd5+ Kh8 46. Qxd4 Rxg3+ 47. Kh2 Qxd4 48. Rxd4 Rf3 49. Bg2 Rxf2 50. c4 Bb7 51. Rd7 Bxg2 52. Rxe7 Bf3+ 53. Kg3 Bxd1 54. Kxf2 g5 55. Re5 g4 56. Rxa5 f4 57. Nd3 Bxb3 58. Ne5 g3+ 59. Kg2 Rf5 60. Nc6 Rf6 61. Ne5 Bd1 62. Nf3 Re6 63. Re5 Bxf3+ 0-1

[Event "GER-ch U10"]
[Site "Willingen"]
[Date "2022.06.05"]
[Round "1"]
[White "Teng, David"]
[Black "Fischer, Quirin"]
[Result "1/2-1/2"]
[WhiteElo "1423"]
[BlackElo "1195"]
[PlyCount "118"]
[EventDate "2022.06.04"]
[EventType "swiss"]
[EventRounds "11"]
[EventCountry "GER"]
[SourceTitle "CBM 208 Extra"]
[Source "ChessBase"]
[SourceDate "2022.07.31"]
[SourceVersion "1"]
[SourceVersionDate "2022.07.31"]
[SourceQuality "1"]

1. e4 c5 2. Nf3 Nc6 3. d4 cxd4 4. Nxd4 g6 5. c4 Bg7 6. Be3 Nf6 7. Nc3 0-0 8. Be2 Nxd4 9. Bxd4 b6 10. 0-0 Bb7 11. f3 Rc8 12. Qd2 Ba6 13. b3 Qc7 14. Rac1 e5 15. Nd5 Nxd5 16. cxd5 Qb7 17. Bc3 d6 18. Bxa6 Qxa6 19. Bb4 b5 20. Qb2 Qb6+ 21. Qf2 Qxf2+ 22. Kxf2 Bh6 23. Rxc8 Rxc8 24. Bxd6 Rc2+ 25. Kg3 Bf4+ 26. Kh3 Rxa2 27. g3 Be3 28. Bxe5 Ra3 29. Rd1 Bb6 30. Rd3 a5 31. Bd6 b4 32. Kg4 h6 33. Kf4 a4 34. Bxb4 Rxb3 35. Rxb3 axb3 36. Bc3 Kf8 37. Ke5 Ba5 38. Bb2 Bc7+ 39. d6 Bd8 40. Kd5 Ke8 41. Kc4 Kd7 42. e5 f6 43. f4 Bb6 44. Kxb3 Bg1 45. Bc3 Bxh2 46. Be1 h5 47. Kc4 h4 48. Kd5 fxe5 49. fxe5 Bxg3 50. e6+ Kd8 51. Bd2 Bxd6 52. Kxd6 h3 53. Bf4 Ke8 54. e7 g5 55. Bh2 g4 56. Bg3 h2 57. Bxh2 g3 58. Bxg3 Kf7 59. e8Q+ Kxe8 1/2-1/2

[Event "GER-chT U12"]
[Site "Naumburg Saale"]
[Date "2022.03.27"]
[Round "4.4"]
[White "Teng, David"]
[Black "Schimann, Kirill"]
[Result "1-0"]
[WhiteElo "1334"]
[BlackElo "1344"]
[PlyCount "99"]
[EventDate "2022.03.25"]
[EventType "team-swiss"]
[EventRounds "6"]
[EventCountry "GER"]
[SourceTitle "EXT 2023"]
[Source "ChessBase"]
[SourceDate "2022.10.05"]
[SourceVersion "1"]
[SourceVersionDate "2022.10.05"]
[SourceQuality "1"]
[WhiteTeam "Duesseldorf SV"]
[BlackTeam "Stuttgart Wolfbusch"]
[WhiteTeamCountry "GER"]
[BlackTeamCountry "GER"]

1. e4 c6 2. d4 d5 3. Nd2 dxe4 4. Nxe4 Bf5 5. Ng3 Bg6 6. h4 h6 7. Nf3 Nd7 8. h5 Bh7 9. Bd3 Bxd3 10. Qxd3 e6 11. Bd2 Ngf6 12. 0-0-0 Be7 13. Kb1 Qb6 14. Be3 Nd5 15. Ne4 Nxe3 16. Qxe3 Nf6 17. Nxf6+ Bxf6 18. g4 c5 19. c3 cxd4 20. cxd4 Rd8 21. Rd2 Rd5 22. Rc1 0-0 23. Rc3 Bg5 24. Nxg5 Rxg5 25. Rb3 Rb5 26. Rdd3 Rxb3 27. Rxb3 Qc6 28. f3 Rc8 29. Rc3 Qd7 30. Rxc8+ Qxc8 31. Qc1 Qxc1+ 32. Kxc1 Kf8 33. Kd2 Ke7 34. Ke3 Kd6 35. Ke4 g6 36. g5 Ke7 37. gxh6 Kf8 38. hxg6 fxg6 39. Ke5 Kf7 40. h7 Kg7 41. Kxe6 Kxh7 42. d5 Kh6 43. d6 Kh5 44. d7 Kh4 45. d8Q+ Kh3 46. Qg5 Kh2 47. Qg4 g5 48. Ke5 b5 49. Ke4 b4 50. Ke3 1-0

[Event "GER-ch U10"]
[Site "Willingen"]
[Date "2021.08.26"]
[Round "7"]
[White "Allen, Phillipp"]
[Black "Teng, David"]
[Result "0-1"]
[WhiteElo "1510"]
[BlackElo "1380"]
[PlyCount "118"]
[EventDate "2021.08.22"]
[EventType "swiss"]
[EventRounds "11"]
[EventCountry "GER"]
[SourceTitle "EXT 2022"]
[Source "ChessBase"]
[SourceDate "2021.10.06"]
[SourceVersion "1"]
[SourceVersionDate "2021.10.06"]
[SourceQuality "1"]

1. e4 c5 2. c4 Nc6 3. Nf3 e5 4. Nc3 Nge7 5. g3 g6 6. Bg2 Bg7 7. d3 0-0 8. h4 h5 9. Be3 Nd4 10. Qd2 a6 11. Bh6 d6 12. Bxg7 Kxg7 13. Nxd4 cxd4 14. Ne2 Rb8 15. f4 f5 16. c5 dxc5 17. fxe5 fxe4 18. dxe4 Nc6 19. 0-0-0 Nxe5 20. Qc2 Qe7 21. Nf4 Bg4 22. Rdf1 b5 23. Bh3 Bxh3 24. Rxh3 c4 25. Qd1 d3 26. Nd5 Qd6 27. Rf4 Ng4 28. Qg1 Kh6 29. Rxg4 hxg4 30. Qe3+ Kh7 31. Rh1 Rbe8 32. h5 g5 33. Qa7+ Kh6 34. Re1 Rf2 35. Qxf2 Rf8 36. Qb6 Qxb6 37. Nxb6 Rf2 38. Kb1 Re2 39. Rd1 Rxe4 40. a4 Kxh5 41. a5 Re3 42. Nd5 Rxg3 43. Nc7 Re3 44. Nxa6 Re7 45. Rh1+ Kg6 46. Nb4 Ra7 47. a6 Kf5 48. Rf1+ Ke4 49. Kc1 g3 50. Rg1 Kf3 51. Rf1+ Ke2 52. Rf6 d2+ 53. Kb1 d1Q+ 54. Ka2 Qa4+ 55. Kb1 Qxb4 56. Re6+ Kd3 57. Ka2 Kc2 58. Re2+ Kc1 59. b3 Qa5# 0-1

[Event "GER-ch U10"]
[Site "Willingen"]
[Date "2021.08.24"]
[Round "4"]
[White "Teng, David"]
[Black "Akcapinar, Timur"]
[Result "1-0"]
[WhiteElo "1380"]
[BlackElo "1216"]
[PlyCount "75"]
[EventDate "2021.08.22"]
[EventType "swiss"]
[EventRounds "11"]
[EventCountry "GER"]
[SourceTitle "EXT 2022"]
[Source "ChessBase"]
[SourceDate "2021.10.06"]
[SourceVersion "1"]
[SourceVersionDate "2021.10.06"]
[SourceQuality "1"]

1. e4 d5 2. exd5 Qxd5 3. Nc3 Qa5 4. Nf3 Nf6 5. Bc4 Nc6 6. 0-0 Bg4 7. h3 Bh5 8. Be2 0-0-0 9. d3 e5 10. Bg5 e4 11. Nxe4 Bxf3 12. Bxf3 Be7 13. Bxf6 Bxf6 14. Nxf6 gxf6 15. Bxc6 bxc6 16. Qf3 Rd6 17. Rfe1 Rg8 18. Re7 Rg7 19. a3 Qg5 20. Rae1 f5 21. Re8+ Kb7 22. b4 Rdg6 23. g3 Qh4 24. Kh2 Qf6 25. b5 Qd6 26. bxc6+ Qxc6 27. Rb1+ Ka6 28. Qxc6+ Rxc6 29. Re2 Rc3 30. Rb3 Rc5 31. c4 Rg6 32. Re7 Rf6 33. Kg2 f4 34. g4 Ka5 35. Rb7 a6 36. Rb4 Rcc6 37. Re5+ Rc5 38. Rxc5# 1-0

[Event "GER Pfingstopen U12"]
[Site "Playchess.com INT"]
[Date "2020.06.02"]
[Round "3"]
[White "Radeke, Timothy"]
[Black "Teng, David"]
[Result "1-0"]
[WhiteElo "1494"]
[BlackElo "1620"]
[PlyCount "61"]
[EventDate "2020.06.02"]
[EventType "swiss (blitz)"]
[EventRounds "11"]
[EventCountry "GER"]
[SourceTitle "CBM 197 Extra"]
[Source "ChessBase"]
[SourceDate "2020.09.30"]
[SourceVersion "1"]
[SourceVersionDate "2020.09.30"]
[SourceQuality "1"]

1. d4 d5 2. c4 Nf6 3. cxd5 Nxd5 4. e4 Nf6 5. Nc3 Nc6 6. Nf3 Bd7 7. d5 Nb4 8. e5 Ng4 9. a3 Na6 10. h3 Nh6 11. Bxh6 gxh6 12. Bxa6 bxa6 13. Kf1 Bg7 14. b4 0-0 15. g3 Qb8 16. Kg2 Qb6 17. Rb1 Rad8 18. a4 Rfe8 19. a5 Qb5 20. Nxb5 Bxb5 21. Qb3 c6 22. dxc6 Bxc6 23. e6 fxe6 24. Qxe6+ Kh8 25. Qxc6 Rf8 26. Qxa6 Rd7 27. b5 Rd3 28. Qc6 Rf6 29. Qe4 Ra3 30. Qxe7 Kg8 31. Qxa3 1-0

[Event "GER Pfingstopen U12"]
[Site "Playchess.com INT"]
[Date "2020.06.02"]
[Round "11"]
[White "Schmidt, Inga"]
[Black "Teng, David"]
[Result "0-1"]
[WhiteElo "1620"]
[BlackElo "1620"]
[PlyCount "100"]
[EventDate "2020.06.02"]
[EventType "swiss (blitz)"]
[EventRounds "11"]
[EventCountry "GER"]
[SourceTitle "CBM 197 Extra"]
[Source "ChessBase"]
[SourceDate "2020.09.30"]
[SourceVersion "1"]
[SourceVersionDate "2020.09.30"]
[SourceQuality "1"]

1. e4 c5 2. Nf3 e6 3. Nc3 a6 4. a3 Qc7 5. Bc4 Nf6 6. d3 b5 7. Ba2 Bb7 8. g3 Be7 9. Bf4 d6 10. e5 dxe5 11. Bxe5 Qc6 12. 0-0 Qxf3 13. Qxf3 Bxf3 14. d4 cxd4 15. Bxd4 Nc6 16. Be3 0-0 17. Rae1 Rad8 18. b3 Rfe8 19. a4 Rf8 20. axb5 Rfe8 21. bxc6 Rc8 22. Bf4 Rxc6 23. Re3 Bd5 24. Nxd5 Nxd5 25. Re2 Nxf4 26. gxf4 Bf6 27. Rc1 e5 28. f5 Bg5 29. Rb1 g6 30. fxg6 Rxg6 31. Kh1 e4 32. c4 Bf4 33. b4 Rh6 34. Kg1 Bxh2+ 35. Kf1 Rg6 36. Ree1 Rg1+ 37. Ke2 Rg6 38. b5 axb5 39. cxb5 Rb6 40. Rh1 Bd6 41. Rhg1+ Kf8 42. Rg4 Bc5 43. Rf4 Re7 44. Kd2 Rd6+ 45. Kc3 Rd3+ 46. Kc4 Rc7 47. Rxe4 Ra3 48. Rf4 Bxf2+ 49. Kb4 Rxa2 50. Kb3 Rac2 0-1

[Event "GER Pfingstopen U12"]
[Site "Playchess.com INT"]
[Date "2020.06.02"]
[Round "6"]
[White "Teng, David"]
[Black "Kovalskyy, Alicia"]
[Result "1-0"]
[WhiteElo "1620"]
[BlackElo "1620"]
[PlyCount "39"]
[EventDate "2020.06.02"]
[EventType "swiss (blitz)"]
[EventRounds "11"]
[EventCountry "GER"]
[SourceTitle "CBM 197 Extra"]
[Source "ChessBase"]
[SourceDate "2020.09.30"]
[SourceVersion "1"]
[SourceVersionDate "2020.09.30"]
[SourceQuality "1"]

1. e4 e5 2. Nf3 Qf6 3. d4 exd4 4. Bc4 Bc5 5. 0-0 d3 6. cxd3 Bd6 7. d4 c5 8. e5 Bxe5 9. dxe5 Qf5 10. Be3 g5 11. Nc3 g4 12. Bd3 Qf6 13. exf6 Nxf6 14. Ne5 g3 15. fxg3 d6 16. Nc4 Rg8 17. Nxd6+ Kd7 18. Bxc5 h6 19. Nxf7 Ke6 20. Bc4+ 1-0

[Event "GER Pfingstopen U12"]
[Site "Playchess.com INT"]
[Date "2020.06.02"]
[Round "2"]
[White "Teng, David"]
[Black "Trenkner, Elias"]
[Result "0-1"]
[WhiteElo "1620"]
[BlackElo "1620"]
[PlyCount "56"]
[EventDate "2020.06.02"]
[EventType "swiss (blitz)"]
[EventRounds "11"]
[EventCountry "GER"]
[SourceTitle "CBM 197 Extra"]
[Source "ChessBase"]
[SourceDate "2020.09.30"]
[SourceVersion "1"]
[SourceVersionDate "2020.09.30"]
[SourceQuality "1"]

1. e4 e5 2. Nf3 Nc6 3. d4 exd4 4. Bc4 Nf6 5. e5 Ng4 6. 0-0 Ngxe5 7. Nxe5 Nxe5 8. Re1 f6 9. f4 d5 10. Bb3 Be6 11. fxe5 fxe5 12. Rxe5 Qf6 13. Re1 Bd6 14. Nd2 0-0 15. Nf3 Bg4 16. Bxd5+ Kh8 17. Bxb7 Rab8 18. Bd5 Rb5 19. Be4 Re5 20. h3 Bf5 21. Bxf5 Qxf5 22. Rf1 Ree8 23. Nxd4 Qe5 24. Nf3 Qg3 25. Qd3 Bc5+ 26. Kh1 Bd6 27. Bd2 Rxf3 28. Qxf3 Qh2# 0-1